00442nam a2200169Ia 4500003000400000005001700004008004100021040000700062041000800069082002100077100003800098245003600136260003900172365001400211650003100225650001600256OSt20230522152247.0210423s1997 xx 000 0 und d cAL aeng a361.3 223bREIS aREISCH (Michael);GAMBILL (Eileir) aSocial work in the 21st century aNew DelhibSage Publicationsc1997 b2156cINR aSocial Problems & Services aSocial Work